LEADER 00846nam0-22002891i-450 001 990001691060403321 005 20190529131320.0 035 $a000169106 035 $aFED01000169106 035 $a(Aleph)000169106FED01 035 $a000169106 100 $a20030910d1954----km-y0itay50------ba 101 0 $aita 200 1 $aAspetti e problemi della cotonicoltura italiana$fGian Pietro Ballatore 210 $aBologna$c...$d1954 215 $a10 p.$d24 cm 300 $aEstr. da: Sementi elette, 10(3),1954. 610 0 $aCotone 676 $a633.51 700 1$aBallatore,$bGian Pietro$f<1921-1975>$0352879 801 0$aIT$bUNINA$gRICA$2UNIMARC 901 $aLG 912 $a990001691060403321 952 $a60 OP. 46/57$b40122$fFAGBC 959 $aFAGBC 996 $aAspetti e problemi della cotonicoltura italiana$9361368 997 $aUNINA LEADER 00997nam0-2200253 --450 001 9910283258403321 005 20240320163806.0 100 $a20180904d1967----kmuy0itay5050 ba 101 0 $aita 102 $aIT 105 $aa b 001yy 200 1 $aArte e civiltà degli etruschi$eTorino, giugno-luglio 1967 210 $a[S.l.$cs.n.$d1967?]$eTorino$gS.A.N. 215 $aXV, 163 p., [35] c. di tav.$cill., 1 pianta ripieg.$d24 cm 300 $aCatalogo della mostra tenuta a Torino, nel Palazzo dell'Accademia delle Scienze (giugno-luglio 1967), promossa da un comitato torinese, organizzata dall'Istituto di Archeologia dell'Università e dalla Soprintendenza alle Antichità del Piemonte. 610 0 $aArte etrusca$aEsposizioni$a1967 676 $a709.375$v22$zita 801 0$aIT$bUNINA$gREICAT$2UNIMARC 901 $aBK 912 $a9910283258403321 952 $a709.01 PALM 02$bBibl. 2018$fFLFBC 959 $aFLFBC 996 $aArte e civiltà degli etruschi$91507689 997 $aUNINA